000
00342nam a2200145Ia 4500
008
150201s2000 xx 000 0 und d
082
_a
617.632
_b
P2000R
100
_a
ROSE,LOUIS.F.
245
_a
PERIODONTOL MEDICINE
250
_a
1ST
260
_b
B.C.DECKER
_a
TORONTO
_c
2000
300
_a
1-294
650
_a
PERIODONTICS
942
_2
ddc
_c
BK
999
_c
3228
_d
3228